000 01026nam a22003017a 4500
001 BR6900575
003 BR-BrBNA
005 20230928083543.0
007 ta
008 230509b bl.||||| |||| 00| 0 por d
040 _aBR-BrBNA
_bpor
_cBiblioteca Nacional de Agricultura
041 _a(Por)
072 _aE70; D50
_b0120
_b0430
_b1410
_b0600
_b/G514
090 _ 0120 BR6900575
110 1 _aServico do Acordo de Classificacao no Estado do Parana, Curitiba (Brasil). Diretoria Tecnica
_99332
245 1 _a1. Coletania - instrucoes, decretos, leis, resolucoes, CONCEX - [milho, algodao, feijao, fruta, comercio exterior, Brasil]
260 3 _aCuritiba, PR (Brasil):
_c1969.
300 _a140 p.
500 _a(*) Documento disponível no(a) Empresa Paranaense de Classificacao de Produtos, Curitiba (Brazil)
650 _aLEGISLACAO
650 _aCONTROLE DE QUALIDADE
650 _aALGODAO
650 _aFRUTA
650 _aMILHO
650 _aFEIJAO
909 _a202309
_bLucia
_c55
_dLucia Elande
942 _cBK
999 _c14133
_d14133